| 000 | 01249nam a2200337 a 4500 | ||
|---|---|---|---|
| 001 | 000110979 | ||
| 003 | CHAP | ||
| 005 | 20220329144153.0 | ||
| 008 | 141104s2014 mx a fsm |||||||spa d | ||
| 010 | _a107441 | ||
| 011 | _a108413 | ||
| 040 | _cCHAP | ||
| 090 | _aTesis | ||
| 100 | 1 |
_aMateo Morales, Ernesto _9128766 |
|
| 245 | 1 | 0 |
_aNuevos herbicidas hormonales para el control de maleza latifoliadas en el cultivo de trigo _h[En línea] _cpor Ernesto Mateo Morales. |
| 260 |
_aChapingo, Méx. : _bEl autor, _c2014. |
||
| 500 | _aPara ver el contenido del material haga clic en la liga | ||
| 502 | _aTesis (Ing. Agr. Esp. en Parasitología Agrícola) -- UACH. Departamento de Parasitología Agrícola | ||
| 590 |
_aE11695DGD _b10 _c20141108 _lUCH01 _h1102 |
||
| 590 |
_aE5995AHE _b05 _c20141104 _lUCH01 _h1012 |
||
| 590 |
_aE5995AHE _b05 _c20141104 _lUCH01 _h1012 |
||
| 590 |
_aE5995AHE _b05 _c20141104 _lUCH01 _h1105 |
||
| 650 | 1 | 4 |
_aControl químico. _927604 |
| 650 | 1 | 4 |
_aCultivos en invernadero. _930376 |
| 650 | 1 | 4 |
_aMalas hierbas _xMéxico (Edo.) _970026 |
| 650 | 1 | 4 |
_aTrigo _xMalas hierbas _xControl. _9115054 |
| 856 |
_aFinding aid _uhttp://10.13.5.2/tesis/sist110979.pdf _zTeclea aquí |
||
| 901 | _aBK | ||
| 942 | _cTESIS | ||
| 942 | _n0 | ||
| 999 |
_c107441 _d107441 |
||